000 01459nam a2200373 i 4500
001 196365
003 ES-MaACL
005 20241012063112.0
007 ta
008 240919s2014 sp a | |||| 000 0 spa
017 _aM 1988-2014
_bOficina Depósito Legal Madrid
035 _a(OCoLC)871813953
035 _a(SpMaBN)a5470818
035 _a991045047419708606
040 _aSpMaBN
_bspa
_cSpMaBN
_erdc
_dES-MaACL
080 _a929 Núñez de Balboa, Vasco
080 _a910.4(265)"15"
245 0 3 _aEl océano Pacífico :
_bconmemorando 500 años de su descubrimiento /
_cFrancisco J. Montero Llácer (coordinador).
260 _aMadrid :
_bEditorial Centro de Estudios Ramón Areces,
_cD.L. 2014
300 _a188 p. ;
_c24 cm
336 _aTexto (visual)
_2isbdcontent
337 _asin mediación
_2isbdmedia
338 _2rdacarrier
_avolumen
504 _aIncluye referencias bibliográficas
600 1 4 _aNúñez de Balboa, Vasco,
_dca. 1475-1517
_2embne
_986182
651 7 _aPacífico-
_xDescubrimientos y exploraciones-
_xEspañoles
_9155865
700 _aMontero Llácer, Francisco J.
_9238788
852 _aES-MaACL
_cDEPO1
_hDonación: José Manuel Duarte Cendán
_9204068
_jA-15409
903 _9238529
_aDuarte Cendán, José Manuel
_q1
_ednr
942 _n0
_cMONOGRAFIA
999 _c196365
_d196365